Sociálno-ekonomický program a ideologická práca strany

Bibliographic Details
Main Author: Špaček, Miloslav (Author)
Format: Article
Language:Slovak
PhysicalDescription:Lit. 11 zázn. v slov. a češ.
Subjects:

MARC

LEADER 00000nab a2200000 a 4500
001 vtls000255267
003 SK-MaSNL
005 20260305024421.0
008 160204c1986 xo 0 slo
015 |a SNBRB19rr/mm-uuuuu 
035 |a CL0265381 
040 |a SNKBUCL  |b slo  |c SNKBUCL  |e AACR2 
041 0 |a slo 
044 |a xo  |c SK 
080 |a 329.15(437):330.342.151  |2 1981 
080 |a 330.342.151  |2 1981 
080 |a 330.342.151(437)  |2 1981 
100 1 |a Špaček, Miloslav  |4 aut  |9 932152 
245 1 0 |a Sociálno-ekonomický program a ideologická práca strany  |c Miloslav Špaček 
300 |b Lit. 11 zázn. v slov. a češ. 
610 7 |a Komunistická strana Československa  |2 snkbucl  |9 32256 
650 0 7 |a národné hospodárstvo  |2 snkbucl  |9 846 
655 7 |a články z novín a časopisov  |2 snkbucl  |9 267496 
773 0 |t Život strany  |g Č. 17 (1986), s. 45-48 
850 |a Slovenská národná knižnica v Martine  |a MTA001 
852 |a SNK  |b KIS3GCP 
958 |a NB 
958 |a RK 
992 |a RBX 
999 |c 3302421  |d 3304351